000 00371nam a2200133Ia 4500
008 100328s9999 xx 000 0 und d
082 _b58358
100 _aकाळे व.पु.
245 _aवन फॉर द रोड.
260 _bमेनका.
630 _aवन फॉर द रोड.
730 _aवन फॉर द रोड.
942 _cBOOK
999 _c544705
_d544702